[Event "Capixaba789-3"]
[Site "http://www.queenalice.com/game.php?id=1847858"]
[Date "2024.11.26"]
[Round "4"]
[White "sasquatico"]
[Black "Mlintz"]
[Result "0-1"]
[WhiteElo "1829"]
[BlackElo "1922"]

1. d4 e6 2. e4 d5 3. e5 c5 4. Bb5+ Bd7 5. Bxd7+ Qxd7 6. Nf3 Nc6 7. Be3 cxd4 8.
Bxd4 Nxd4 9. Nxd4 Ne7 10. Nc3 a6 11. O-O g6 12. Qd2 Bg7 13. Nf3 Rc8 14. Ne2 Nc6
15. Qe3 Qc7 16. c3 Nxe5 17. Nxe5 Bxe5 18. f4 Bg7 19. Nd4 O-O 20. Nxe6 fxe6 21.
Qxe6+ Kh8 22. Qxd5 Qc5+ 23. Qxc5 Rxc5 24. Rae1 Rc7 25. g4 Rcf7 26. Re4 h6 27.
Kg2 Rd8 28. Rf2 Rfd7 29. Ree2 b5 30. a3 Kh7 31. h4 a5 32. Kg3 Rd3+ 33. Rf3 Rxf3+
34. Kxf3 Bf8 35. Re5 b4 36. Rxa5 bxc3 37. bxc3 Rd3+ 38. Ke4 Rxc3 39. Ra7+ Kg8
40. a4 Rb3 41. f5 Rb4+ 42. Kf3 gxf5 43. gxf5 Rxh4 44. a5 Ra4 45. Ra6 Kf7 46. Re6
Rxa5 47. Kg4 Ra4+ 48. Kf3 h5 0-1

[Event "Let's Play Chess!"]
[Site "http://www.queenalice.com/game.php?id=1863072"]
[Date "2025.9.18"]
[Round "-"]
[White "sasquatico"]
[Black "Mlintz"]
[Result "1-0"]
[WhiteElo "1890"]
[BlackElo "1932"]

1. d4 e6 2. e4 d5 3. e5 c5 4. Bb5+ Bd7 5. Bxd7+ Qxd7 6. Nf3 h6 7. Nc3 b5 8. a3
b4 9. axb4 cxb4 10. Na4 Nc6 11. Nc5 Bxc5 12. dxc5 Nge7 13. Nd4 Nxe5 14. Bf4 N5c6
15. Nxc6 Nxc6 16. Bd6 a5 17. O-O Ne7 18. Qf3 O-O 19. b3 Rfe8 20. c3 Nc6 21. Rfd1
bxc3 22. Qxc3 Reb8 23. Bxb8 Rxb8 24. Rdb1 d4 25. Qd2 e5 26. Rxa5 Nxa5 27. Qxa5
d3 28. h3 e4 29. Rb2 Rb5 30. Qa8+ Kh7 31. Qxe4+ g6 32. Qa4 Qb7 33. Qc4 d2 34.
Rxd2 Rxb3 35. c6 Rb1+ 36. Kh2 Qc7+ 37. g3 Rb7 38. Rd7 Qxd7 39. cxd7 Rxd7 40. g4
Ra7 41. Kg3 Ra3+ 42. f3 Ra7 43. h4 Rb7 44. Qe4 Rd7 45. h5 1-0

[Event "Let's Play Chess!"]
[Site "http://www.queenalice.com/game.php?id=1863081"]
[Date "2025.9.18"]
[Round "-"]
[White "Charles56"]
[Black "sasquatico"]
[Result "0-1"]
[WhiteElo "1773"]
[BlackElo "1881"]

1. e4 e5 2. Nf3 d6 3. h3 a6 4. a3 Nc6 5. Nc3 Be6 6. d3 h6 7. g4 Nf6 8. g5 hxg5
9. Bxg5 Be7 10. h4 Ng4 11. Bh3 Bxg5 12. Nxg5 Rxh4 13. Nxe6 Nxf2 14. Nxg7+ Kf8
15. Ne6+ fxe6 16. Qf3+ Rf4 17. Qh5 Qf6 18. Rf1 Nd4 19. Kd2 Nxh3 20. Rxf4 Nxf4
21. Qg4 Ke7 22. Rg1 Qh6 23. Qg7+ Qxg7 24. Rxg7+ Kf6 25. Rxc7 Rb8 26. Rh7 b5 27.
b4 d5 28. Rh6+ Ke7 29. exd5 exd5 30. Rh7+ Kf6 31. Rh6+ Kf5 32. Rxa6 e4 33. dxe4+
dxe4 34. Nd1 Nf3+ 35. Kc1 Ne2+ 36. Kb2 Ke5 37. c3 Nd2 38. Ne3 Rd8 39. Rb6 Kf4
40. Ng2+ Kf3 41. Nh4+ Kf2 42. Rxb5 Nc4+ 43. Kb3 Nd2+ 44. Kc2 e3 45. Nf5 Nc4 46.
a4 Na3+ 47. Kb3 Nxb5 48. axb5 Rd5 49. Ne7 Rxb5 50. c4 Nc1+ 51. Kc2 e2 0-1

[Event "Let's Play Chess!"]
[Site "http://www.queenalice.com/game.php?id=1863082"]
[Date "2025.9.18"]
[Round "-"]
[White "sasquatico"]
[Black "Charles56"]
[Result "1-0"]
[WhiteElo "1855"]
[BlackElo "1842"]

1. d4 d5 2. Nc3 e6 3. a3 h6 4. Nf3 Bd6 5. e4 dxe4 6. Nxe4 Nf6 7. Nxd6+ cxd6 8.
Bb5+ Bd7 9. Bxd7+ Qxd7 10. O-O Nc6 11. Be3 Ng4 12. d5 exd5 13. h3 Nxe3 14. fxe3
O-O 15. Qxd5 Rae8 16. e4 Re6 17. c3 Ne5 18. Nxe5 Rxe5 19. Qd4 Rfe8 20. Rae1 Qc6
21. Rf4 f5 22. Rxf5 Rxe4 23. Rxe4 Rxe4 24. Qxa7 Re8 25. Qd4 Qc7 26. Qd5+ Kh8 27.
Rf7 Qb6+ 28. Kh2 Re5 29. Qxb7 Qxb7 30. Rxb7 Rc5 31. Rb4 d5 32. a4 1-0

[Event "Challenge"]
[Site "http://www.queenalice.com/game.php?id=1863535"]
[Date "2025.9.29"]
[Round "-"]
[White "Capixaba789"]
[Black "sasquatico"]
[Result "0-1"]
[WhiteElo "1811"]
[BlackElo "1843"]

1. d4 d5 2. Nc3 e6 3. e4 dxe4 4. Nxe4 Nc6 5. Nf3 h6 6. Bb5 Bd7 7. O-O a6 8. Ba4
Nf6 9. Nc5 Bxc5 10. dxc5 Nd5 11. Re1 Kf8 12. Bd2 f6 13. c4 Nde7 14. Bc3 e5 15.
Bc2 Bg4 16. Qc1 Bxf3 17. gxf3 Nd4 18. Bxd4 Qxd4 19. Be4 c6 20. b4 Qd7 21. a4 Nf5
22. Kh1 Nd4 23. Qe3 f5 24. Bd3 Re8 25. Bb1 g6 26. Rg1 Re6 27. Ra2 f4 28. Qe1
Nxf3 29. Qe2 Nxg1 30. Kxg1 Rh7 31. Rd2 Qe7 32. Qg4 Qg5 33. Qg2 Qxg2+ 34. Kxg2 e4
35. Rd8+ Ke7 36. Rb8 Kf6 37. Rd8 h5 38. a5 Kg5 39. Rd6 Rhe7 40. Rxe6 Rxe6 0-1

[Event "Challenge"]
[Site "http://www.queenalice.com/game.php?id=1863536"]
[Date "2025.9.29"]
[Round "-"]
[White "sasquatico"]
[Black "Capixaba789"]
[Result "1/2-1/2"]
[WhiteElo "1858"]
[BlackElo "1785"]

1. d4 e5 2. dxe5 Bc5 3. e3 Nh6 4. Bd3 d5 5. exd6 Bxd6 6. h3 Nf5 7. Nc3 O-O 8.
Nf3 Qf6 9. Ne4 Qe7 10. Nxd6 cxd6 11. O-O Nc6 12. Bxf5 Bxf5 13. Nd4 Nxd4 14. exd4
Bg6 15. Re1 Qc7 16. c3 b6 17. Bf4 Rfe8 18. Qf3 Rad8 19. Re3 Rxe3 20. Qxe3 Qd7
21. Qd2 Be4 22. f3 Ba8 23. Re1 a5 24. b3 b5 25. a3 Bd5 26. Qc2 Rc8 27. Kf2 h6
28. g4 Qd8 29. Kg3 Qf6 30. Qd3 Bxb3 31. Re3 Bc4 32. Qe4 d5 33. Qe5 Qxe5 34. Bxe5
a4 35. Bd6 Rc6 36. Bb4 Re6 37. Rxe6 fxe6 38. Kf4 Kf7 39. Ke5 g5 40. f4 gxf4 41.
Kxf4 Kf6 42. Bd6 Bd3 43. h4 Be4 44. Bf8 h5 45. g5+ Kg6 46. Ke5 Bf5 47. Kd6 Bg4
48. Kc5 Be2 49. Kd6 1/2-1/2

[Event "Challenge"]
[Site "http://www.queenalice.com/game.php?id=1864299"]
[Date "2025.10.15"]
[Round "-"]
[White "Capixaba789"]
[Black "sasquatico"]
[Result "0-1"]
[WhiteElo "1757"]
[BlackElo "1870"]

1. d4 d5 2. Nc3 e6 3. f4 Nf6 4. Nf3 Nc6 5. e3 a6 6. Bd3 Bb4 7. O-O h6 8. Ne2 Bd6
9. Ng3 Nb4 10. Be2 h5 11. Ne5 h4 12. Nh1 Ne4 13. Nxf7 Kxf7 14. Nf2 Nxf2 15. Rxf2
h3 16. Bh5+ Kg8 17. Bg6 Qh4 18. g3 Qf6 19. Bd3 Nxd3 20. cxd3 Bd7 21. Bd2 Qf5 22.
Bc3 Bb5 23. a3 Bxd3 24. b4 Qe4 25. Raa2 Bc4 26. Rab2 Qxe3 27. Qd2 Qxd2 28. Bxd2
Bd3 0-1

[Event "Challenge"]
[Site "http://www.queenalice.com/game.php?id=1864300"]
[Date "2025.10.15"]
[Round "-"]
[White "sasquatico"]
[Black "Capixaba789"]
[Result "1/2-1/2"]
[WhiteElo "1893"]
[BlackElo "1812"]

1. d4 d5 2. Nc3 Nf6 3. h3 e6 4. Bg5 Be7 5. e3 O-O 6. Nf3 Nc6 7. a3 Ne4 8. Bxe7
Qxe7 9. Nb5 f5 10. Bd3 a6 11. Nc3 Bd7 12. O-O Be8 13. Ne5 Nxe5 14. dxe5 Nxc3 15.
bxc3 Bc6 16. c4 dxc4 17. Bxc4 Kh8 18. Bd3 Qg5 19. g3 f4 20. exf4 Rxf4 21. Kh2
Rff8 22. f4 Qe7 23. Qh5 g6 24. Bxg6 Be8 25. Bxe8 Raxe8 26. f5 exf5 27. Rxf5 Rxf5
28. Qxf5 Qxe5 29. Qxe5+ Rxe5 30. Rc1 Re2+ 31. Kg1 Re3 32. c3 Rxg3+ 33. Kh2 Rd3
34. Rc2 b5 35. Kg2 Kg7 36. c4 Rxa3 37. cxb5 axb5 38. Rxc7+ Kg6 39. h4 h5 1/2-1/2

[Event "Challenge"]
[Site "http://www.queenalice.com/game.php?id=1864327"]
[Date "2025.10.15"]
[Round "-"]
[White "sasquatico"]
[Black "jogo"]
[Result "1-0"]
[WhiteElo "1908"]
[BlackElo "1893"]

1. d4 Nf6 2. Nc3 d5 3. h3 h6 4. e3 Bg4 5. hxg4 b5 6. Bxb5+ c6 7. Bd3 Qd7 8. Qf3
Nxg4 9. Bf5 e6 10. Bxg4 Bb4 11. Bd2 O-O 12. Nge2 f5 13. Bh5 Kh7 14. a3 Bd6 15.
Nf4 Rf6 16. Qh3 Qc7 17. g3 Nd7 18. Bf3 e5 19. Ncxd5 cxd5 20. Nxd5 1-0

[Event "Challenge"]
[Site "http://www.queenalice.com/game.php?id=1864429"]
[Date "2025.10.18"]
[Round "-"]
[White "Mlintz"]
[Black "sasquatico"]
[Result "1-0"]
[WhiteElo "1819"]
[BlackElo "1936"]

1. e4 e5 2. Nf3 d6 3. c3 h6 4. d4 Bg4 5. dxe5 Bxf3 6. gxf3 dxe5 7. Qxd8+ Kxd8 8.
Be3 Bd6 9. Rg1 g6 10. h3 Nf6 11. Nd2 Nc6 12. O-O-O a6 13. Nc4 Ke7 14. Nxd6 cxd6
15. Bg2 g5 16. Rd2 Rac8 17. Rgd1 Rcd8 18. Bf1 Rd7 19. Bb6 h5 20. Bd3 g4 21. fxg4
hxg4 22. hxg4 Nxg4 23. Be2 Nf6 24. f3 Rh2 25. Bc4 Rxd2 26. Rxd2 Nh5 27. Be3 b5
28. Bf1 Kf6 29. Bc5 b4 30. cxb4 Nd4 31. Bxd4 exd4 32. Rxd4 Nf4 33. Bxa6 Ke5 34.
Rd2 Ra7 35. Bc4 Rc7 36. b3 f5 37. Kb2 Rb7 38. a3 fxe4 39. fxe4 Rb6 40. Bd5 Nxd5
41. exd5 Rb5 42. Kc3 1-0

[Event "Challenge"]
[Site "http://www.queenalice.com/game.php?id=1864603"]
[Date "2025.10.21"]
[Round "-"]
[White "sasquatico"]
[Black "jogo"]
[Result "1-0"]
[WhiteElo "1910"]
[BlackElo "1747"]

1. d4 Nf6 2. Nc3 h6 3. e4 e6 4. e5 Nd5 5. Nxd5 c6 6. Ne3 Bb4+ 7. c3 Be7 8. Nf3
O-O 9. Bd3 d6 10. exd6 Bxd6 11. Nc4 Bc7 12. Nfe5 b5 13. Na3 Bxe5 14. dxe5 Qd5
15. Qf3 Qxe5+ 16. Be3 Rd8 17. Qe2 Qd5 18. Bc2 Qxg2 19. Rf1 Qxh2 20. Bd3 Qd6 21.
O-O-O Qe7 22. Rg1 Qf6 23. Bd4 Qf4+ 24. Be3 Qc7 25. Bxh6 g6 26. Bxg6 Rxd1+ 27.
Qxd1 fxg6 28. Rxg6+ Kh8 29. Bg7+ Qxg7 30. Qd8+ 1-0

[Event "Challenge"]
[Site "http://www.queenalice.com/game.php?id=1867950"]
[Date "2026.1.15"]
[Round "-"]
[White "Mlintz"]
[Black "sasquatico"]
[Result "1-0"]
[WhiteElo "1889"]
[BlackElo "1919"]

1. e4 Nc6 2. Nf3 e5 3. Bc4 d6 4. c3 a6 5. a4 h6 6. h3 Nf6 7. d3 Be6 8. Bb3 Be7
9. Nbd2 d5 10. exd5 Nxd5 11. Nc4 Bf6 12. Qe2 O-O 13. O-O b5 14. Ncd2 Nf4 15. Qe4
Nxd3 16. Qxc6 Bxb3 17. Nxb3 Nxc1 18. Rfxc1 bxa4 19. Nc5 Qd6 20. Qxd6 cxd6 21.
Nd7 Bg5 22. Nxg5 Rfd8 23. Nb6 Rab8 24. Nxa4 hxg5 25. c4 f5 26. Nc3 Rxb2 27. Nd5
Rd7 28. Rxa6 e4 29. Rb6 Rxb6 30. Nxb6 Rb7 31. Nd5 f4 32. Ra1 Kh7 33. Ra6 Rb1+
34. Kh2 Rc1 35. Rxd6 Rxc4 36. Nb6 Rc2 37. Rd1 Rxf2 38. Nd5 f3 39. Rg1 Kh6 40.
Kg3 Rxg2+ 41. Rxg2 fxg2 42. Kxg2 Kh5 43. Kg3 Kg6 44. Kg4 Kh6 45. Ne3 g6 46. Nd5
e3 47. Nxe3 Kh7 48. Kxg5 Kg7 49. Ng4 Kf7 50. Ne5+ 1-0

[Event "Challenge"]
[Site "http://www.queenalice.com/game.php?id=1867951"]
[Date "2026.1.15"]
[Round "-"]
[White "sasquatico"]
[Black "Mlintz"]
[Result "0-1"]
[WhiteElo "1902"]
[BlackElo "1856"]

1. d4 e6 2. e4 d5 3. e5 c5 4. Bb5+ Bd7 5. Bxd7+ Nxd7 6. Nf3 cxd4 7. Qxd4 Bc5 8.
Qd1 Ne7 9. O-O Ng6 10. Bg5 Qb6 11. b3 O-O 12. Nc3 Ndxe5 13. Na4 Qc6 14. Nxc5
Qxc5 15. Nxe5 Nxe5 16. Be3 Qc8 17. Bd4 Nc6 18. Bb2 Ne7 19. Qg4 Ng6 20. h4 e5 21.
Qxc8 Raxc8 22. Ba3 Rfe8 23. h5 Nf4 24. Rfe1 Rxc2 25. Bd6 f6 26. h6 gxh6 27. b4
Rec8 28. a3 Rb2 29. Bc5 b6 30. Be7 Kf7 31. Bd6 Rbc2 32. a4 R2c6 33. Bxe5 fxe5
34. Rxe5 Kf6 35. Re3 Kg7 36. Re7+ Kg8 37. Rxa7 Rc1+ 38. Rxc1 Rxc1+ 39. Kh2 Rc6
40. Ra8+ Kg7 41. b5 Rd6 42. a5 bxa5 43. Rxa5 Rb6 44. Ra7+ Kg6 45. Ra6 Rxa6 46.
bxa6 Ne6 47. a7 Nc7 48. Kg3 Kf5 49. Kf3 h5 50. Ke3 h6 51. Kd3 Ke6 52. g3 Kd6 53.
f4 Kc6 54. f5 Kd6 0-1

[Event "Challenge"]
[Site "http://www.queenalice.com/game.php?id=1870127"]
[Date "2026.3.5"]
[Round "-"]
[White "Mlintz"]
[Black "sasquatico"]
[Result "1/2-1/2"]
[WhiteElo "1858"]
[BlackElo "1900"]

1. e4 d5 2. exd5 Qxd5 3. Nc3 Qd8 4. d4 e6 5. Nf3 a6 6. a4 h6 7. h3 Bb4 8. Bd2
Nf6 9. Bd3 Nc6 10. Ne4 Bxd2+ 11. Nexd2 Nxd4 12. O-O Nxf3+ 13. Qxf3 O-O 14. Rfe1
Nd5 15. Qe4 f5 16. Qc4 Qf6 17. c3 c6 18. Qb3 Nf4 19. Bf1 Nxh3+ 20. gxh3 Qg5+ 21.
Bg2 Qxd2 22. Rad1 Qg5 23. Re5 h5 24. Qc2 Qf4 25. Qe2 Qg5 26. Qf3 g6 27. Kh2 h4
28. Bf1 Kg7 29. Bc4 Qf6 30. Qe2 Re8 31. Rd6 Kf7 32. b4 Re7 33. Rd8 b5 34. Bb3 f4
35. f3 bxa4 36. Bxa4 Bb7 37. Rd6 Rae8 38. Bxc6 Bxc6 39. Rxc6 Ra8 40. Ra5 Rea7
41. Raxa6 Rxa6 42. Rxa6 Rxa6 43. Qxa6 Qxc3 44. Qb7+ Kf6 45. b5 Qe1 46. Qa8 Qg3+
47. Kh1 Qxh3+ 48. Kg1 Qg3+ 49. Kf1 h3 50. Qf8+ Kg5 51. Qe7+ Kh6 52. Qf8+ Kh5 53.
Qh8+ Kg5 54. Qe5+ Kh6 55. Qh8+ 1/2-1/2

[Event "Challenge"]
[Site "http://www.queenalice.com/game.php?id=1870128"]
[Date "2026.3.5"]
[Round "-"]
[White "sasquatico"]
[Black "Mlintz"]
[Result "1-0"]
[WhiteElo "1884"]
[BlackElo "1874"]

1. d4 e6 2. e4 d5 3. e5 c5 4. Bb5+ Bd7 5. Bxd7+ Qxd7 6. Nf3 cxd4 7. Qxd4 Ne7 8.
Nc3 Nbc6 9. Qd1 Ng6 10. Qe2 Be7 11. Bd2 O-O 12. a3 a6 13. h4 Qd8 14. h5 Nh8 15.
h6 g6 16. Qd3 Qc7 17. O-O-O Nxe5 18. Nxe5 Qxe5 19. Rde1 Qf6 20. Be3 Qf5 21. Qxf5
gxf5 22. Bd4 Ng6 23. g3 Bd6 24. Na4 e5 25. Bc5 Rfd8 26. Bxd6 Rxd6 27. Nc5 b6 28.
Nd3 f6 29. f3 Re8 30. b3 e4 31. fxe4 fxe4 32. Rhf1 Kf7 33. Nf4 Ne5 34. Nh5 f5
35. Rxf5+ Kg6 36. Ref1 Kxh6 37. Nf6 Ree6 38. Rh1+ Kg6 39. Rhh5 Rxf6 40. Rxe5 h6
41. Rxd5 Rxd5 42. Rxd5 Re6 43. Kd2 b5 44. Ke3 h5 45. c4 bxc4 46. bxc4 Rc6 47. c5
Re6 48. Rd6 Kf5 49. Rxe6 Kxe6 50. Kxe4 a5 51. a4 Kd7 52. Kd5 Kc7 53. c6 Kc8 54.
Kc5 1-0

[Event "Challenge"]
[Site "http://www.queenalice.com/game.php?id=1873342"]
[Date "2026.5.13"]
[Round "-"]
[White "Mlintz"]
[Black "sasquatico"]
[Result "1-0"]
[WhiteElo "1851"]
[BlackElo "1909"]

1. e4 d5 2. e5 Nc6 3. d4 e6 4. Nf3 h6 5. Nc3 Bb4 6. Bd2 a6 7. a4 Ba5 8. Ne2 Nge7
9. c3 b5 10. axb5 axb5 11. b4 Bb7 12. bxa5 Nxa5 13. Nc1 Nc4 14. Nb3 Rxa1 15.
Qxa1 Nxd2 16. Nfxd2 O-O 17. Be2 c6 18. Nc5 Bc8 19. Qa8 f6 20. exf6 gxf6 21. O-O
e5 22. Qa3 e4 23. Ra1 Ng6 24. Qa8 Qd6 25. Qa3 Nf4 26. Bf1 Ng6 27. g3 f5 28. Na6
Qxa3 29. Rxa3 f4 30. Nb4 e3 31. Nf3 exf2+ 32. Kxf2 fxg3+ 33. Kxg3 Ne7 34. Bg2
Nf5+ 35. Kf4 Nxd4+ 36. Ke3 Nf5+ 37. Kd2 Ne7 38. Ra7 Rf7 39. Ke1 c5 40. Nd3 c4
41. Nde5 Rg7 42. Kf2 Nf5 43. Ra8 Rc7 44. Nd7 Kg7 45. Nb6 Bb7 46. Ra7 Re7 47. Nd4
Nxd4 48. cxd4 c3 49. Nxd5 c2 50. Ra1 Bxd5 51. Bxd5 Rd7 52. Bb3 Rxd4 53. Rc1 Rd2+
54. Kg1 1-0